000 00688cam a22002411 4500
001 sa 64000209
003 DLC
005 20260227111954.0
008 940602m19619999ii ach 000 0 beno
010 _asa 64000209
025 _aPL480:EP-B-73
035 _a(OCoLC)30538660
040 _aDLC
_cCU
_dCU
_dDLC
042 _apremarc
050 0 0 _aPK1708
_b.M3 1961
100 1 _aMannan, Qazi Abdul.
245 1 0 _aĀdhunika Bāṅlā-sāhitye Musalima-sādhanā.
260 _c[1961-
300 _av.
_bill., port., facsims., tables.
_c23 cm.
500 _aIn Bengali.
650 0 _aBengali literature
_xHistory and criticism.
650 0 _aIslamic literature
_xHistory and criticism.
999 _c56093
_d56093